| 000 | 00482nam a22001937a 4500 | ||
|---|---|---|---|
| 003 | CEME | ||
| 005 | 20210628205033.0 | ||
| 008 | 210203b xxu||||| |||| 00| 0 eng d | ||
| 020 | _a81-7898-089-4 | ||
| 028 | _b. | ||
| 040 | _c. | ||
| 082 | _a297.122 HOL | ||
| 100 |
_aAbdullah Yusuf Ali _957844 |
||
| 245 | _aThe holy quran, text translation and commentary | ||
| 260 |
_aNEW DELHI _bGOODWORD _c2003 |
||
| 300 | _a1860P | ||
| 650 |
_aTHE HOLY QURAN _973554 |
||
| 942 |
_cBK _2ddc |
||
| 999 |
_c579251 _d579251 |
||